Návrh opatrení na zefektívnenie plánovania výroby v podniku REVOL TT Consulting s.r.o.

Salvato in:
Dettagli Bibliografici
Autore principale: Líška, Peter (Autore)
Altri autori: Hudák, Ján (Relatore della tesi)
Natura: Manoscritto Libro
Lingua:slovacco
Pubblicazione: 2015
Soggetti:
Accesso online:http://is.stuba.sk/zp/portal_zp.pl?podrobnosti=121087
Tags: Aggiungi Tag
Nessun Tag, puoi essere il primo ad aggiungerne!!

MARC

LEADER 00000ntm a22000003a 4500
001 stuzp52717
003 SK-STU
005 20160719154246.6
007 ta
008 150427s2015----xo-----f-mn---000-0-slo-d
040 |a STU  |b slo 
041 0 |a slo 
100 1 |a Líška, Peter  |u 064000  |4 aut  |U MTF Materiálovotechnologická fakulta  |T MTF Ústav priemyselného inžinierstva a manažmentu  |X 47037  |U M4000  |Y 84  |7 47037 
242 0 1 |a Proposal of measures for streamlining production planning in the company REVOLL TT s.r.o  |y eng 
245 1 0 |a Návrh opatrení na zefektívnenie plánovania výroby v podniku REVOL TT Consulting s.r.o. 
260 |c 2015 
650 4 |a výroba  |2 slo 
650 4 |a plánovanie výroby  |2 slo 
650 4 |a plán  |2 slo 
650 4 |a plan  |2 eng 
650 4 |a production  |2 eng 
650 4 |a production planning  |2 eng 
700 1 |a Hudák, Ján  |4 ths  |X 48284  |7 A000048284 
856 4 |u http://is.stuba.sk/zp/portal_zp.pl?podrobnosti=121087 
996 |c M* BP-7275  |l MMSKP  |s P  |a 0  |w stuzp52717_0001 
SQL |a stuzp52717  |b DBP  |c SLO  |d Návrh opatrení na zefektívnenie plánovania výroby v podniku REVOL TT Consulting s.r.o.  |e 47037  |f Líška, Peter  |g 064000  |h 48284  |i Hudák, Ján  |j 20150625  |k 175  |l 06  |m http://is.stuba.sk/zp/portal_zp.pl?podrobnosti=121087  |n B-PMA  |o 5.2.52. priemyselné inžinierstvo